Asia and Oceania - Sudden Death - Statistics

General Stats
  • This quiz has been taken 47 times
  • The average score is 10 of 12
Answers on the Grid
Answers color-coded by a green-red scale on the quiz's grid according to % correct below.
Antigua and Barbuda
Bahrain
Com­oros
Cyprus
East Timor
Guyana
Jordan
Kyrgyzstan
Malawi
Maldives
Malta
Marshall Islands
Nauru
Nepal
Nicaragua
Palau
Saint Kitts and Nevis
Saint Lucia
San Marino
São Tomé and Príncipe
Solomon Islands
Tanzania
Tunisia
Vanuatu
 
Answer Stats
Answer % Correct
Asia Bahrain
92%
Asia Kyrgyzstan
89%
Oceania Vanuatu
84%
Oceania Nauru
81%
Asia Nepal
81%
Oceania Palau
81%
Oceania Solomon Islands
81%
Asia East Timor
78%
Asia Jordan
78%
Oceania Marshall Islands
78%
Asia Maldives
76%
Asia Cyprus
68%
No matching quizzes found
Score Distribution
Percent of People with Each Score
Percentile by Number Answered
Your Score History
You have not taken this quiz